Little boxes, fewer homes (Record no. 114951)
[ view plain ]
| 000 -LEADER | |
|---|---|
| fixed length control field | 01045cad a22001935a 4500 |
| 001 - CONTROL NUMBER | |
| control field | L157748 |
| 008 - FIXED-LENGTH DATA ELEMENTS--GENERAL INFORMATION | |
| fixed length control field | 130425s2013 xxk f 000 0 eng d |
| 035 ## - SYSTEM CONTROL NUMBER | |
| System control number | (Sirsi) u157748 |
| 041 0# - LANGUAGE CODE | |
| Language code of text/sound track or separate title | eng |
| 110 2# - MAIN ENTRY--CORPORATE NAME | |
| Corporate name or jurisdiction name as entry element | Shelter |
| 9 (RLIN) | 2788 |
| 245 04 - TITLE STATEMENT | |
| Title | Little boxes, fewer homes |
| Remainder of title | Setting housing space standards will get more homes built |
| Medium | [electronic resourcec] |
| 260 ## - PUBLICATION, DISTRIBUTION, ETC. | |
| Place of publication, distribution, etc. | London |
| Name of publisher, distributor, etc. | Shelter |
| Date of publication, distribution, etc. | 2013 |
| 520 ## - SUMMARY, ETC. | |
| Summary, etc. | Research notes that opposition to local house building can block the development of much needed new homes. Found that 44% of the public would be more likely to support new housing developments if the homes were larger even if it meant they take up more land. Points out that undersized homes are against international trends as UK's homes are the smallest in Western Europe. |
| 590 ## - LOCAL NOTE (RLIN) | |
| Local note | KA |
| 651 #4 - SUBJECT ADDED ENTRY--GEOGRAPHIC NAME | |
| Geographic name | United Kingdom |
| 690 ## - LOCAL SUBJECT ADDED ENTRY--TOPICAL TERM (OCLC, RLIN) | |
| Topical term or geographic name as entry element | Planning and development |
| 9 (RLIN) | 6259 |
| 856 40 - ELECTRONIC LOCATION AND ACCESS | |
| Uniform Resource Identifier | <a href="https://england.shelter.org.uk/__data/assets/pdf_file/0011/652736/Shelter_Little_Boxes_v4.pdf">https://england.shelter.org.uk/__data/assets/pdf_file/0011/652736/Shelter_Little_Boxes_v4.pdf</a> |
| Public note | View this item free of charge at england.shelter.org |
| 942 ## - ADDED ENTRY ELEMENTS (KOHA) | |
| Suppress in OPAC | 0 |
| Withdrawn status | Lost status | Source of classification or shelving scheme | Damaged status | Not for loan | Home library | Current library | Shelving location | Date acquired | Total Checkouts | Full call number | Barcode | Date last seen | Copy number | Price effective from | Koha item type |
|---|---|---|---|---|---|---|---|---|---|---|---|---|---|---|---|
| Dewey Decimal Classification | London | London | Online | 25/04/2013 | ONLINE PUBLICATION | 157748-1001 | 06/08/2019 | 1 | 06/08/2019 | Book |